[Event "Reunion op 16th"]
[Site "St Denis"]
[Date "2014.10.23"]
[Round "7"]
[White "Labrande, Eleonore"]
[Black "Atlan, Yoram"]
[Result "1-0"]
[WhiteElo "1400"]
[BlackElo "1270"]
[PlyCount "49"]
[EventDate "2014.10.18"]
[EventType "swiss"]
[EventRounds "9"]
[EventCountry "RUF"]
[SourceTitle "EXT 2015"]
[Source "ChessBase"]
[SourceDate "2014.11.20"]
[SourceVersion "1"]
[SourceVersionDate "2014.11.20"]
[SourceQuality "1"]

1. e4 e5 2. Nf3 Nc6 3. Bc4 Bc5 4. c3 Nf6 5. d4 exd4 6. cxd4 Bb4+ 7. Nc3 d6 8. d5 Ne5 9. Qa4+ Bd7 10. Qxb4 Rb8 11. Nxe5 dxe5 12. d6 b5 13. Nxb5 Bxb5 14. Bxb5+ c6 15. Bxc6+ Nd7 16. Bxd7+ Kxd7 17. Qc5 Qb6 18. Qxe5 Qb4+ 19. Bd2 Qxd6 20. Qxd6+ Kxd6 21. Bf4+ Kc6 22. Bxb8 Rxb8 23. Rc1+ Kb5 24. Rc3 Rc8 25. Rxc8 1-0

[Event "Reunion op 16th"]
[Site "St Denis"]
[Date "2014.10.22"]
[Round "5"]
[White "Atlan, Yoram"]
[Black "Laoussing, Mathis"]
[Result "1-0"]
[WhiteElo "1270"]
[BlackElo "1099"]
[PlyCount "111"]
[EventDate "2014.10.18"]
[EventType "swiss"]
[EventRounds "9"]
[EventCountry "RUF"]
[SourceTitle "EXT 2015"]
[Source "ChessBase"]
[SourceDate "2014.11.20"]
[SourceVersion "1"]
[SourceVersionDate "2014.11.20"]
[SourceQuality "1"]

1. e4 e5 2. Nf3 Nc6 3. Bc4 Nf6 4. Ng5 d5 5. exd5 Nxd5 6. d3 Bc5 7. Qe2 0-0 8. Qe4 g6 9. Bxd5 Qf6 10. Qh4 Bxf2+ 11. Qxf2 Qxf2+ 12. Kxf2 Nd4 13. Na3 Be6 14. Nxe6 fxe6+ 15. Ke3 exd5 16. c3 Nf5+ 17. Ke2 Rae8 18. Rf1 Ng3+ 19. hxg3 Rxf1 20. Kxf1 Rf8+ 21. Ke2 Re8 22. Bh6 d4 23. cxd4 exd4+ 24. Kd2 Re6 25. Re1 Rb6 26. Nc4 Ra6 27. a3 Rf6 28. Bf4 Rf5 29. Re5 Rf7 30. Re8+ Kg7 31. Be5+ Kh6 32. Bf4+ g5 33. Re6+ Kh5 34. g4+ Kxg4 35. Ne5+ Kxf4 36. Nxf7 Kf5 37. Rh6 Kg4 38. Rxh7 Kf4 39. Nd8 b6 40. Rxc7 Kg3 41. Rxa7 Kxg2 42. Rg7 Kf3 43. Rxg5 Kf4 44. Rd5 Kf3 45. Rxd4 Kf2 46. Rb4 Kf1 47. Rxb6 Kg1 48. a4 Kf2 49. a5 Kf3 50. a6 Kf4 51. a7 Kf3 52. a8Q+ Kf4 53. Rf6+ Kg5 54. Qc6 Kg4 55. Qg2+ Kh5 56. Rf8 1-0

[Event "Reunion op 15th"]
[Site "St Denis"]
[Date "2013.10.17"]
[Round "6"]
[White "Atlan, Yoram"]
[Black "Besnus, Emmanuel"]
[Result "0-1"]
[WhiteElo "1410"]
[BlackElo "1841"]
[PlyCount "76"]
[EventDate "2013.10.12"]
[EventType "swiss"]
[EventRounds "9"]
[EventCountry "RUF"]
[SourceTitle "EXT 2014"]
[Source "ChessBase"]
[SourceDate "2013.11.20"]
[SourceVersion "1"]
[SourceVersionDate "2013.11.20"]
[SourceQuality "1"]

1. e4 c5 2. Nc3 g6 3. Nf3 Bg7 4. Bc4 e6 5. d3 Nc6 6. Nb5 d5 7. exd5 exd5 8. Bb3 a6 9. Nc3 Nge7 10. Qe2 0-0 11. 0-0 Re8 12. Re1 Bd7 13. Bg5 Be6 14. Qd2 b5 15. a4 b4 16. Nd1 Qd7 17. Bh6 Bh8 18. Ng5 Bg4 19. Qf4 Qf5 20. Qxf5 Nxf5 21. Rxe8+ Rxe8 22. f3 Nxh6 23. fxg4 Nd4 24. Bxd5 Re5 25. Nxf7 Nxf7 26. Bxf7+ Kxf7 27. c3 Nb3 28. Rb1 Re2 29. cxb4 cxb4 30. Kf1 Rd2 31. h4 Rxd3 32. Nf2 Rd2 33. Nd1 Rd4 34. Kf2 Rxg4 35. g3 Be5 36. Kf3 Rxg3+ 37. Ke4 Ke6 38. Nf2 Nc5# 0-1

[Event "Reunion op 15th"]
[Site "St Denis"]
[Date "2013.10.16"]
[Round "5"]
[White "Hoareau, Noe"]
[Black "Atlan, Yoram"]
[Result "1-0"]
[WhiteElo "1598"]
[BlackElo "1410"]
[PlyCount "91"]
[EventDate "2013.10.12"]
[EventType "swiss"]
[EventRounds "9"]
[EventCountry "RUF"]
[SourceTitle "EXT 2014"]
[Source "ChessBase"]
[SourceDate "2013.11.20"]
[SourceVersion "1"]
[SourceVersionDate "2013.11.20"]
[SourceQuality "1"]

1. e4 e5 2. Nf3 Nc6 3. d4 d6 4. dxe5 dxe5 5. Qxd8+ Kxd8 6. Bb5 Bd7 7. Bxc6 Bxc6 8. Nxe5 Ke7 9. Nxc6+ bxc6 10. b3 Nf6 11. Ba3+ Ke8 12. Bxf8 Kxf8 13. Nc3 Re8 14. f3 Nd5 15. Kd2 Nf4 16. g3 Rd8+ 17. Kc1 Ne6 18. Kb2 Ke7 19. Rad1 Nd4 20. Rd3 Nb5 21. Nxb5 cxb5 22. Rhd1 c6 23. Rxd8 Rxd8 24. Rxd8 Kxd8 25. Kc3 Ke7 26. Kd4 Kd6 27. e5+ Ke6 28. Kc5 Kd7 29. f4 a5 30. f5 a4 31. bxa4 bxa4 32. e6+ fxe6 33. fxe6+ Kxe6 34. Kxc6 Ke7 35. c4 Kd8 36. Kb7 Ke7 37. c5 a3 38. c6 g5 39. c7 g4 40. c8Q h5 41. Kc7 Kf6 42. Kd6 Kg7 43. Ke7 Kh6 44. Kf6 Kh7 45. Qc7+ Kh8 46. Qg7# 1-0

[Event "Reunion op 14th"]
[Site "St Denis"]
[Date "2012.10.11"]
[Round "7"]
[White "Atlan, Yoram"]
[Black "Noel, Philippe"]
[Result "0-1"]
[WhiteElo "1009"]
[BlackElo "1380"]
[PlyCount "68"]
[EventDate "2012.10.06"]
[EventType "swiss"]
[EventRounds "9"]
[EventCountry "RUF"]
[SourceTitle "EXT 2013"]
[Source "ChessBase"]
[SourceDate "2012.11.22"]
[SourceVersion "1"]
[SourceVersionDate "2012.11.22"]
[SourceQuality "1"]

1. e4 e5 2. Nf3 Nc6 3. Bb5 Bd6 4. Bxc6 dxc6 5. d4 Bg4 6. dxe5 Bxf3 7. Qxf3 Bxe5 8. 0-0 Qe7 9. Bf4 Bxb2 10. Nc3 Bxa1 11. Rxa1 Nf6 12. e5 Nd7 13. Re1 0-0 14. Qg3 Kh8 15. Bg5 f6 16. Bf4 Rae8 17. e6 b5 18. Qe3 Nc5 19. g3 Rc8 20. Qf3 b4 21. Nd1 g5 22. Bd2 a5 23. a3 bxa3 24. Qxa3 a4 25. Bb4 Rfe8 26. Bxc5 Qg7 27. Qxa4 Qg6 28. Qe4 f5 29. Qxc6 h5 30. Re5 h4 31. Qb5 h3 32. e7 Rb8 33. Qd3 Qc6 34. Bd4 Qg2# 0-1

[Event "Reunion op 14th"]
[Site "St Denis"]
[Date "2012.10.07"]
[Round "2"]
[White "Calmels, Nicolas"]
[Black "Atlan, Yoram"]
[Result "1-0"]
[WhiteElo "1830"]
[BlackElo "1009"]
[PlyCount "65"]
[EventDate "2012.10.06"]
[EventType "swiss"]
[EventRounds "9"]
[EventCountry "RUF"]
[SourceTitle "EXT 2013"]
[Source "ChessBase"]
[SourceDate "2012.11.22"]
[SourceVersion "1"]
[SourceVersionDate "2012.11.22"]
[SourceQuality "1"]

1. d4 d5 2. c4 dxc4 3. e4 e5 4. d5 c6 5. Bxc4 cxd5 6. Bxd5 Qh4 7. Qa4+ Bd7 8. Qb3 Nf6 9. Bxf7+ Kd8 10. Nc3 Bc5 11. g3 Bxf2+ 12. Kxf2 Nxe4+ 13. Kg2 Qg4 14. Nxe4 Qxe4+ 15. Nf3 Rf8 16. Bg5+ Kc7 17. Rhe1 Qf5 18. Bd5 Bc6 19. Rxe5 Qd7 20. Re7 Qxe7 21. Bxe7 Re8 22. Re1 Kd7 23. Ne5+ Kc7 24. Nxc6 Nxc6 25. Bxc6 bxc6 26. Bb4 Rxe1 27. Bxe1 Rb8 28. Ba5+ Kc8 29. Qe6+ Kb7 30. Qd7+ Ka8 31. Qxc6+ Rb7 32. Bc7 g6 33. Qe8+ 1-0